000 00475nam a22001577a 4500
003 SGT
020 _a9788120326985
082 _a621.3
_bGHO
100 _aGHOSH,SAMARAJIT
245 _aNETWORK THEORY
_bANALYSIS AND SYNTHESIS
260 _aNEW DELHI
_bPHI
_c2013
300 _a729
650 _aELECTRICAL ENGINEERING
653 _aNETWORK THEORY,KIRCHHOFF'S LAWS, DC NETWORKS THEOREMS, DC TRANSIENTS,SINGLE PHASE AC CIRCUITS, RESONANCE,THREE PHASE SYSTEMS,
942 _2ddc
_cBK
999 _c8220
_d8220